| 000 | 00674nam a2200205Ia 4500 | ||
|---|---|---|---|
| 003 | IN-BaIIA | ||
| 008 | 211028s9999 xx 000 0 eng d | ||
| 020 | _a0-12-226805-9 | ||
| 040 | _cIIA Library | ||
| 080 |
_a(031)523 _bENC-1 |
||
| 245 | 0 |
_aEncyclopedia of the solar system _cedited by P. R. Weissman, McFaden, L.-C and T. V. Johnson |
|
| 260 |
_aSan Diego _bAcademic Press _c1999 |
||
| 300 | _axviii, 992p | ||
| 650 |
_aencyclopedia-solar system _922601 |
||
| 650 | _aSolar system | ||
| 700 |
_aJohnson, T. V., ed. _921776 |
||
| 700 |
_aMcFaden, L.-C., ed. _922602 |
||
| 700 |
_aWeissman, P. R., ed. _922603 |
||
| 942 | _cBK | ||
| 999 |
_c12882 _d12882 |
||